000 00728nam a2200205Ia 4500
003 OSt
005 20250305114722.0
008 210210b2003 xxu||||| |||| 00| 0 eng d
040 _cAL
041 _aKannada
082 _aK894.03 RAJK
100 _aRAJAPPA DALAVAYI.
_dರಾಜಪ್ಪ ದಳವಾಯಿ
_9204191
245 _aKannada sahitya kosha: Samputa 1
_bಕನ್ನಡ ಸಾಹಿತ್ಯ ಕೋಶ: ಸಂಪುಟ ೧
260 _aMaisuru
_bKadiru Prakashana
_c2003
300 _axxxi,611
650 _aSahitya Charitre Kavya Mimamse Vimarshe Bhashe Kannada Shashana Ddravida Janapada Chhandassu Grantha Sampadane
_9204192
690 _aKannada literature
_9204193
906 _aSG04110
942 _2ddc
_cSG
999 _c114735
_d114735